| 000 | 00503nam a22001817a 4500 | ||
|---|---|---|---|
| 005 | 20250414161203.0 | ||
| 008 | 250411b |||||||| |||| 00| 0 eng d | ||
| 020 | _a818399039-8 | ||
| 041 | _aeng | ||
| 082 | _a632.7 RED-A | ||
| 100 |
_aREDDY, D. S _98617 |
||
| 245 | _aAPPLIED ENTOMOLOGY: FOR COMPITITIVE EXAMS [ ICAR-JRF, ICAR-SRF, IARI-SRF, ARS, SAUs ] | ||
| 250 | _a4TH. ED .2022 | ||
| 260 |
_aNEW DELHI _bNEW VISHAL PUBLICATION _c2005 |
||
| 300 | _a264;P | ||
| 650 | _aAGRICULTURE | ||
| 942 | _cBK | ||
| 999 |
_c8752 _d8750 |
||